Countries with the Highest City Population - Statistics

General Stats
  • This quiz has been taken 999 times
  • The average score is 18 of 21
Answer Stats
City Population Country % Correct
407,125,000 China
99%
196,720,000 United States
99%
209,280,000 India
98%
82,315,000 Brazil
95%
41,290,000 Russia
94%
86,005,000 Japan
93%
32,125,000 United Kingdom
93%
52,025,000 Mexico
91%
67,040,000 Indonesia
90%
31,250,000 Germany
89%
47,135,000 Pakistan
85%
26,200,000 Egypt
84%
41,415,000 Nigeria
83%
21,400,000 Argentina
79%
25,425,000 Bangladesh
79%
27,430,000 Iran
78%
22,580,000 South Africa
78%
36,885,000 South Korea
78%
33,910,000 Turkey
77%
30,840,000 Philippines
70%
21,155,000 Colombia
69%
No matching quizzes found
Score Distribution
Percent of People with Each Score
Percentile by Number Answered
Your Score History
You have not taken this quiz